Features and Trends of the Chernobyl Tourism Development
Černobyľský cestovný ruch ako návšteva výlukovej zóny, ktorá vznikla v dôsledku rozsiahlej technologickej katastrofy, tj. výbuchu v černobyľskej jadrovej elektrárni v roku 1986, pre vzdelávacie, vedecké, obchodné, rekreačné a iné účely cestovného ruchu.
Na minha lista:
| Autor principal: | |
|---|---|
| Formato: | Capítulo de Livro |
| Idioma: | inglês |
| Assuntos: | |
| Tags: |
Sem tags, seja o primeiro a adicionar uma tag!
|
MARC
| LEADER | 00000naa a2200000 4500 | ||
|---|---|---|---|
| 001 | 0272261 | ||
| 005 | 20210303110523.4 | ||
| 041 | 0 | |a eng | |
| 044 | |a UA | ||
| 245 | 1 | 0 | |a Features and Trends of the Chernobyl Tourism Development |c Anna Romanova |
| 520 | |a Černobyľský cestovný ruch ako návšteva výlukovej zóny, ktorá vznikla v dôsledku rozsiahlej technologickej katastrofy, tj. výbuchu v černobyľskej jadrovej elektrárni v roku 1986, pre vzdelávacie, vedecké, obchodné, rekreačné a iné účely cestovného ruchu. | ||
| 610 | 2 | 0 | |a ruch cestovný |
| 610 | 2 | 0 | |a energia atómová |
| 610 | 2 | 0 | |a elektrárne atómové |
| 610 | 2 | 0 | |a Ukrajina |
| 100 | 1 | |a Romanova, Anna | |